Score 0/9 Timer 01:30
2 Plays Today
% Correct
France
88%
Finland
85.7%
Japan
83%
Haiti
79.8%
Honduras
79.2%
Jamaica
77.4%
Fiji
74.7%
Hungary
73.6%
Jordan
64.3%
Remove Ads.
Support Sporcle.
Get the best of Sporcle when you Go Orange. This ad-free experience offers more features, more stats, and more fun while also helping to support Sporcle. Thank you for becoming a member.

You're not logged in!

Compare scores with friends on all Sporcle quizzes.
OR
Log In

Show Comments

Extras

Top Quizzes Today


Score Distribution

Your Account Isn't Verified!

In order to create a playlist on Sporcle, you need to verify the email address you used during registration. Go to your Sporcle Settings to finish the process.

Report this User

Report this user for behavior that violates our Community Guidelines.

Details: